| 000 | 00466nam a2200193Ia 4500 | ||
|---|---|---|---|
| 008 | 151121s9999||||xx |||||||||||||| ||und|| | ||
| 082 | _a824/BRA | ||
| 082 | _bHNW-2344 | ||
| 100 | _aBrayne F।L। | ||
| 245 | _aWinning the Peace | ||
| 260 | _b"oxford Univ। Press, Londen" | ||
| 260 | _c-- | ||
| 300 | _a31 | ||
| 600 | _aBrayne F।L। | ||
| 630 | _aWinning the Peace | ||
| 700 | _aBrayne F।L। | ||
| 730 | _aWinning the Peace | ||
| 942 | _cBOOK | ||
| 999 |
_c1211235 _d1211232 |
||